Sermón de la Eucaristía : (Record no. 48504)

MARC details
000 -LEADER
campo de control de longitud fija 00568nam a2200181 i 4500
001 - NÚMERO DE CONTROL
campo de control 48504
003 - IDENTIFICADOR DE NÚMERO DE CONTROL
campo de control ES-MaACL
005 - FECHA Y HORA DE LA ÚLTIMA TRANSACCIÓN
campo de control 20230906161749.0
007 - CAMPO FIJO DE DESCRIPCIÓN FÍSICA--INFORMACIÓN GENERAL
campo de control de longitud fija t|
008 - DATOS DE LONGITUD FIJA--INFORMACIÓN GENERAL
campo de control de longitud fija 030821s1855 sp ||||1| spa d
080 ## - NÚMERO DE LA CLASIFICACIÓN DECIMAL UNIVERSAL
Número de la Clasificación Decimal Universal 27-549-287
100 1# - ENTRADA PRINCIPAL--NOMBRE DE PERSONA
Nombre de persona Delgado, José.
9 (RLIN) 43411
245 10 - MENCIÓN DEL TÍTULO
Título Sermón de la Eucaristía :
Resto del título pronunciado en la Real Capilla en la dominica infraoctava del Corpus /
Mención de responsabilidad, etc. por el Doctor Don José Delgado.
260 ## - PUBLICACIÓN, DISTRIBUCIÓN, ETC.
Lugar de publicación, distribución, etc. Madrid :
Nombre del editor, distribuidor, etc. Aguado,
Fecha de publicación, distribución, etc. 1855.
300 ## - DESCRIPCIÓN FÍSICA
Extensión 19 p. ;
Dimensiones 26 cm.
650 #4 - PUNTO DE ACCESO ADICIONAL DE MATERIA--TÉRMINO DE MATERIA
Término de materia o nombre geográfico como elemento de entrada Eucaristía-
Subdivisión de forma Sermones.
9 (RLIN) 175841
852 4# - LOCALIZACIÓN
Ubicación ES-MaACL
Número de control de estantería T-30-F-4
Holdings
Estatus retirado Estado de pérdida Estado de daño No para préstamo Colección Biblioteca de origen Biblioteca actual Ubicación en estantería Fecha de adquisición Fuente de adquisición Total de préstamos Signatura topográfica completa Código de barras Visto por última vez Precio de reemplazo Tipo de ítem Koha
        Colección de folletos Biblioteca del Ateneo de Madrid Biblioteca del Ateneo de Madrid Depósito folletos 17/01/2008     T-30-F-4 1051044 23/02/2023 23/02/2023 Folleto